000 00569nam a22002057a 4500
003 0
005 20251108102910.0
008 251108b xxu||||| |||| 00| 0 eng d
020 _a978-0-553-59165-1
050 _aPS 3552.R658
_b.B76 2008
100 _aBrockmann, Suzanne,
_eauthor.
245 _aBody language /
_cSuzanne Brockmann.
260 _aNew York, NY :
_bBantam Dell,
_c2008.
300 _a279 pages ;
_c18 cm.
650 _aFamily life
_xFiction.
650 _aLove stories.
650 _aRomance fiction.
650 _aWomen
_xFiction.
942 _2lcc
_cBK
999 _c368539
_d368539